Konštrukčný návrh diaľkovo ovládateľnej kosačky

Na minha lista:
Detalhes bibliográficos
Autor principal: Škrabala, Jozef (Author)
Outros Autores: Chmelko, Vladimír (Thesis advisor)
Formato: Manuscrito Livro
Idioma:eslovaco
Publicado em: 2016
Assuntos:
Acesso em linha:http://is.stuba.sk/zp/portal_zp.pl?podrobnosti=108893
Tags: Adicionar Tag
Sem tags, seja o primeiro a adicionar uma tag!

MARC

LEADER 00000ntm a22000003a 4500
001 stuzp59373
003 SK-STU
005 20160719155833.8
007 ta
008 150427s2015----xo-----f-mn---000-0-slo-d
040 |a STU  |b slo 
041 0 |a slo 
100 1 |a Škrabala, Jozef  |u 020010  |4 aut  |U SjF Strojnícka fakulta  |T SjF Ústav aplikovanej mechaniky a mechatroniky  |X 63409  |U J0010  |Y 801  |7 63409 
242 0 1 |a The engineering design of remote control mower  |y eng 
245 1 0 |a Konštrukčný návrh diaľkovo ovládateľnej kosačky 
260 |c 2016 
650 4 |a kosenie  |2 slo 
650 4 |a lišta  |2 slo 
650 4 |a nehybná  |2 slo 
650 4 |a kosačka  |2 slo 
650 4 |a svahová  |2 slo 
650 4 |a pohyblivá  |2 slo 
650 4 |a priehyb  |2 slo 
650 4 |a materiál  |2 slo 
650 4 |a mower  |2 eng 
650 4 |a blade  |2 eng 
650 4 |a stationary  |2 eng 
650 4 |a material  |2 eng 
650 4 |a deflection  |2 eng 
650 4 |a embankment  |2 eng 
650 4 |a mowing  |2 eng 
650 4 |a movable  |2 eng 
700 1 |a Chmelko, Vladimír  |u 020010  |k Z1  |4 ths  |U SjF Strojnícka fakulta  |T SjF Ústav aplikovanej mechaniky a mechatroniky  |X 2396  |U J0010  |Y 801  |7 A000002396 
856 4 |u http://is.stuba.sk/zp/portal_zp.pl?podrobnosti=108893 
SQL |a stuzp59373  |b DBP  |c SLO  |d Konštrukčný návrh diaľkovo ovládateľnej kosačky  |e 63409  |f Škrabala, Jozef  |g 020010  |h 2396  |i Chmelko, Vladimír  |j 20160613  |k 645  |l 02  |m http://is.stuba.sk/zp/portal_zp.pl?podrobnosti=108893  |n B-AMAM  |o 5.1.7. aplikovaná mechanika, 5.2.16. mechatronika